|
|
|
|
| LEADER |
01053naa a2200241 i 4500 |
| 001 |
publ23582 |
| 005 |
20220217152903.0 |
| 008 |
220217s2021 hu o 0|| Magyar d |
| 020 |
|
|
|a 9789633154564
|
| 024 |
7 |
|
|a 31822774
|2 mtmt
|
| 040 |
|
|
|a SZTE Publicatio Repozitórium
|b hun
|
| 041 |
|
|
|a Magyar
|
| 100 |
1 |
|
|a Asztalos Andrea
|
| 245 |
1 |
0 |
|a Zenei képességfejlesztés a 6-14 éves korosztályban
|h [elektronikus dokumentum] /
|c Asztalos Andrea
|
| 260 |
|
|
|a SZTE JGYPK Művészeti Intézet Ének-zene Tanszék
|b Szeged
|c 2021
|
| 300 |
|
|
|a 7
|
| 300 |
|
|
|a 15-21
|
| 490 |
0 |
|
|a "Beethoven 250" : tanulmánykötet
|
| 650 |
|
4 |
|a Pszichológia
|
| 650 |
|
4 |
|a Művészetek (művészetek, művészettörténet, előadóművészetek, zene)
|
| 856 |
4 |
0 |
|u http://publicatio.bibl.u-szeged.hu/23582/7/31822774.pdf
|z Dokumentum-elérés
|
| 856 |
4 |
0 |
|u http://publicatio.bibl.u-szeged.hu/23582/1/Zeneikepessegfejlesztesa6-14eveskorosztalyban.pdf
|z Dokumentum-elérés
|
| 856 |
4 |
0 |
|u http://publicatio.bibl.u-szeged.hu/23582/8/31822774_c%C3%ADmlap_tartj.pdf
|z Dokumentum-elérés
|